00514nam a22001697a 450000500170000002000260001703500130004303700180005608200120007410000170008624500660010325000110016926000430018027000590022330000210028250000410030320170821105354.0 c250.00a9789351437383 aB-667834 bRHSP/Venadpl a342.085 aJain, Rashee aTextbook on human rights: law and practice / cby Rashee Jain a3rd ed aDelhi bUniversal Law Publishingc2016 aA-58, G.T. Karnal Road Industrial Area,bDelhie110033 a203p.c24cm(pbk) aIncludes bibliographical references